| 000 | 01399nam a2200289 i 4500 | ||
|---|---|---|---|
| 001 | bg | ||
| 245 | 0 | 0 |
_aMożliwości i ograniczenia zastosowań metod badawczych w geografii społeczno-ekonomicznej i gospodarce przestrzennej : _bpraca zbiorowa / _cpod red. Henryka Rogackiego ; [aut. Tomasz Bajerowski et al.]. |
| 246 | 1 | 1 | _aPossibilities and limitations of the application of research methods in socio-economic geography and spatial management |
| 260 |
_aPoznań : _bBogucki Wydaw. Naukowe, _c2002. |
||
| 300 |
_a277 s. : _bil., mapy ; _c24 cm. |
||
| 500 | _aTyt. równol: Possibilities and limitations of the application of research methods in socio-economic geography and spatial management. Nazwy aut. na s. 275-277. | ||
| 500 | _aStreszcz. ang. przy art. | ||
| 504 | _aBibliogr. przy art. | ||
| 650 | 9 |
_aAntropogeografia _xbadanie _xmetody |
|
| 650 | 9 |
_aPlanowanie przestrzenne _xbadanie _xmetody |
|
| 650 | 9 |
_aRegionalizacja gospodarcza _xbadanie _xmetody |
|
| 700 | 1 |
_aROGACKI, Henryk. _eRed. |
|
| 700 | 1 | _aBAJEROWSKI, Tomasz | |
| 020 | _a8389290030 | ||
| 040 | _cBPK | ||
| 041 | 0 |
_apol _beng |
|
| 080 | _a911.3:711].001.5 | ||
| 920 | _a83-89290-03-0 | ||
| 942 | _cKS | ||
| 008 | s pl f |000 0 pol | ||
| 999 |
_c45353 _d45353 |
||
| 856 |
_uhttp://koha.tu.koszalin.pl/cgi-bin/koha/opac-detail.pl?biblionumber=45353 _yKatalog online BPK |
||